| 000 | 00530nam a2200229Ia 4500 | ||
|---|---|---|---|
| 003 | OSt | ||
| 005 | 20221005130455.0 | ||
| 006 | a|||||r|||| 00| 0 | ||
| 007 | ta | ||
| 008 | 221004b |||||||| |||| 00| 0 eng d | ||
| 024 | _a46937 | ||
| 037 | _cTextual | ||
| 040 |
_aCRL _cCRL _beng |
||
| 041 |
_2eng _aeng |
||
| 082 | _aN0R1, K2 | ||
| 100 | _aSantayana George | ||
| 245 | 0 | _aReson in art | |
| 260 | _c1962 | ||
| 650 | _aARTS | ||
| 942 |
_hN0R1, K2 _cTEXL _2cc |
||
| 999 |
_c1057373 _d1057373 |
||